Bankový marketing.
Tri grafy znázorňujúce: 1. Maticovú organizáciu - ktorá je nutná pre vzájomné previazanie oboch orientácií. 2. Zákaznícky orientovanú organizáciu - organizáciu banky orientovanej na zákazníka. 3. Produktovo orientovanú organizáciu - organizáciu banky orientovanú na transakcie.
Salvato in:
| Natura: | Capitolo di libro |
|---|---|
| Lingua: | ceco |
| Soggetti: | |
| Tags: |
Nessun Tag, puoi essere il primo ad aggiungerne!!
|
MARC
| LEADER | 00000naa a2200000 4500 | ||
|---|---|---|---|
| 001 | r012813 | ||
| 005 | 20221205080306.3 | ||
| 041 | 0 | |a cze | |
| 044 | |a SK | ||
| 245 | 1 | 0 | |a Bankový marketing. |
| 520 | |a Tri grafy znázorňujúce: 1. Maticovú organizáciu - ktorá je nutná pre vzájomné previazanie oboch orientácií. 2. Zákaznícky orientovanú organizáciu - organizáciu banky orientovanej na zákazníka. 3. Produktovo orientovanú organizáciu - organizáciu banky orientovanú na transakcie. | ||
| 610 | 2 | 0 | |a banky |
| 610 | 2 | 0 | |a štruktúra organizačná |
| 610 | 2 | 0 | |a matice |
| 610 | 2 | 0 | |a zákazníci |
| 610 | 2 | 0 | |a výrobky |
| 610 | 2 | 0 | |a marketing |